000 00876nam a2200277 a 4500
001 000008136
003 DO-SdBNP
005 20220718112943.0
008 090915s2002 dr a 001 0 spa d
040 _aDO-SdBNP
_bspa
_cBNPHU
082 _a641.874
_bF289u, 2002
100 1 _aFebles, Juan
_922082
245 1 3 _aEl universo del bar /
_cJuan Febles, Juan Santana.
250 _a2a. ed. ampliada
260 _aSanto Domingo :
_bCorripio,
_c2002.
300 _axiv, 304 p. :
_bil. ;
_c22 cm.
500 _aIncluye índice alfabético de cocteles y notas al pie de las páginas.
500 _aVocabulario general: p. 273-293.
590 _aInventariado, 2018/ YL
650 4 _aBebidas alcohólicas
_922080
650 4 _aCocteles
_92215
650 4 _aLicores
_922083
700 1 _aSantana, Juan
_920482
910 _aValidado. Control de calidad EMS
942 _2ddc
_cLBS1
999 _c7913
_d7913